00872nam a2200241Ia 4500003000400000005001700004008004100021020001800062040001800080041000800098082002000106100002700126245006900153250001200222260005700234300003200291650003300323650004700356650006100403942002700464999001900491952012000510OSt20260128144521.0210716s2008 xx 000 0 und d a9788131502730 cAIMIT LIBRARY aeng a658.1511 bHAND aHansen, Don R.9252962 aManagement accounting /cBy Don R. Hansen and Maryanne M. Mowen. a7th ed. aNew Delhi :bCengage Learning India Pvt Ltd ,c2008. axviii,877 p.;bPBc26.5 cm. aPlanning and control9252983 asupport department cost allocation9252984 aPerformance evaluation in the decentralized firm9252985 2ddccBKk658.1511 HAND c181430d181430 001040708MCAaAIMITbAIMITd2021-07-16eDonatedl0o658.1511 HANDpMCA00938r2025-07-21 00:00:00w2021-07-16yBK